Network Theory (Record no. 4962)

MARC details
000 -LEADER
fixed length control field 00395nam a22001697a 4500
005 - DATE AND TIME OF LATEST TRANSACTION
control field 20160630153045.0
008 - FIXED-LENGTH DATA ELEMENTS--GENERAL INFORMATION
fixed length control field 160630b xxu||||| |||| 00| 0 eng d
020 ## - INTERNATIONAL STANDARD BOOK NUMBER
ISBN 978-81-906919-5-6
041 ## - LANGUAGE CODE
Language code of text/sound track or separate title eng
082 ## - DEWEY DECIMAL CLASSIFICATION NUMBER
Item number 19989
100 ## - MAIN ENTRY--AUTHOR NAME
Personal name Soni K M
245 ## - TITLE STATEMENT
Title Network Theory
260 ## - PUBLICATION, DISTRIBUTION, ETC. (IMPRINT)
Name of publisher S.K. Kataria & Sons
Year of publication 2014
300 ## - PHYSICAL DESCRIPTION
Number of Pages 441
650 ## - SUBJECT ADDED ENTRY--TOPICAL TERM
Topical Term Diploma Engineering
942 ## - ADDED ENTRY ELEMENTS (KOHA)
Koha item type Books
Holdings
Lost status Damaged status Home library Date acquired Cost, normal purchase price Full call number Accession Number Koha item type
    JRU Library 30/06/2016 265.00 19989 19989 Books
    JRU Library 30/06/2016 265.00 19989 19990 Books
    JRU Library 30/06/2016 265.00 19989 19991 Books
    JRU Library 30/06/2016 265.00 19989 19992 Books
    JRU Library 30/06/2016 265.00 19989 19993 Books
    JRU Library 30/06/2016 265.00 19989 19994 Books
    JRU Library 30/06/2016 265.00 19989 19995 Books
    JRU Library 30/06/2016 265.00 19989 19996 Books
    JRU Library 30/06/2016 265.00 19989 19997 Books
    JRU Library 30/06/2016 265.00 19989 19998 Books
    JRU Library 30/06/2016 265.00 19989 19999 Books
    JRU Library 30/06/2016 265.00 19989 20000 Books
    JRU Library 30/06/2016 265.00 19989 20001 Books
    JRU Library 30/06/2016 265.00 19989 20002 Books
    JRU Library 30/06/2016 265.00 19989 20003 Books